01339nam a2200193 a 450000100100000000500170001000800410002704000250006808200150009310000330010824500530014126000580019430000280025250506900028070000360097004900090100695201130101599900170112800002621620211111132736.0110210s1994 pe 000 | spa d aDO-SdBNPbspacBNPHU axxxxbK21c1 aKaufmann, Margarita ,95323610aComunicación política /cMargarita Kaufmann. aLima :bMedios de Comunicación & Democracia,c1994. a123 p. :bil. ;c21 cm. tPolíticos, comunicadores y democracia /rMargarita KaufmanntMedios de comunicación, política y ciudadanía /rPablo HalperntMedios de comunicación: entre el mercado, la tecnología y la ciudadanía /rJuan Carlos Latorre DíaztLa privatización de la política /rRicardo NúñeztPolíticos y comunicadores: entre el compromiso y la autonomía /rRoberto PulidotÉtica, comunicación política /rGuillermo León Escobar HerrantLos medios de comunicación en Colombia /rJavier Darío RestrepotEuropa ante la prensa y la política /rVicente TorrijostLas actitudes de la opinión pública en América con relación a la democracia /rAlfredo Keller aSosa, José Rafaeleed.951507 aBNPD 001050718MOaGRbGRcCTd2011-03-04iLF1l0oxxxx K21cp26216-10r2020-06-25w2020-06-25y1ZNo se presta c25708d25708